000 00403nam a2200157 i 4500
001 bg
100 1 _aWALASEK, Jan
245 0 _aKonwersacyjne otoczenie programowe Pascala /
_cJan Walasek.
260 _aWarszawa,
_c1983
_aWydawnictwa Naukowo-Techniczne.
650 9 _aPASCAL
655 _aPodręczniki
040 _cBPK
041 _apol
942 _cKS
008 s pl f |000 0 pol
999 _c22439
_d22439
856 _uhttp://koha.tu.koszalin.pl/cgi-bin/koha/opac-detail.pl?biblionumber=22439
_yKatalog online BPK